000 00826nab a2200253 u 4500
001 11864
003 HDC
007 cr bn ---aaaaa
008 210208c mydr|nes 0 a eng d
040 _aHDC
100 _aFa Abdul,
_eauthor
_912226
245 0 _aBuild stronger foundations not higher fences /
_cby Fa Abdul
260 _a[no place] :
_b[publisher not identified],
_c[no year]
336 _atext
_2rdacontent
337 _acomputer
_2rdamedia
338 _aonline resource
_2rdacarrier
650 _aIslam
_9824
650 _aMuslim
_94617
710 _aFree Malaysia Today
856 _zRequest full-text at [email protected]
942 _2lcc
942 _cNEWS
942 _kNWSO 002654
999 _c9187
_d9187